<?xml version="1.0" encoding="UTF-8"?>
<collection xmlns="http://www.loc.gov/MARC21/slim">
<record>
  <controlfield tag="001">151458</controlfield>
  <controlfield tag="005">20260418110656.0</controlfield>
  <datafield tag="024" ind1="7" ind2=" ">
    <subfield code="2">doi</subfield>
    <subfield code="a">10.1002/ejhf.3597</subfield>
  </datafield>
  <datafield tag="024" ind1="8" ind2=" ">
    <subfield code="2">sideral</subfield>
    <subfield code="a">143172</subfield>
  </datafield>
  <datafield tag="037" ind1=" " ind2=" ">
    <subfield code="a">ART-2025-143172</subfield>
  </datafield>
  <datafield tag="041" ind1=" " ind2=" ">
    <subfield code="a">eng</subfield>
  </datafield>
  <datafield tag="100" ind1=" " ind2=" ">
    <subfield code="a">Núñez, Julio</subfield>
  </datafield>
  <datafield tag="245" ind1=" " ind2=" ">
    <subfield code="a">Salt repletion and diuretic response: The role of serum chloride. A post-hoc analysis of the &lt;scp>SALT&lt;/scp>-&lt;scp>HF&lt;/scp> trial on furosemide and hypertonic saline solution administration in ambulatory patients with worsening heart failure</subfield>
  </datafield>
  <datafield tag="260" ind1=" " ind2=" ">
    <subfield code="c">2025</subfield>
  </datafield>
  <datafield tag="520" ind1="3" ind2=" ">
    <subfield code="a">Aims
The efficacy of combining hypertonic saline solution (HSS) with loop diuretics in worsening heart failure (WHF) remains uncertain. Hypochloraemia has been associated with reduced diuretic efficacy. Some authors propose that chloride repletion may enhance natriuretic and diuretic responses. This post-hoc analysis of the SALT-HF trial evaluated the effect of single-dose administration of HSS plus intravenous (IV) furosemide versus IV furosemide, stratified by baseline serum chloride.

Methods and results
The analysis included 148 ambulatory patients with WHF from the double-blind, randomized SALT-HF trial. Participants received either an IV single dose of HSS plus furosemide or IV furosemide. The endpoints were 3-h urinary sodium excretion and diuresis, 7-day congestion score, and 30-day adverse events according to chloride levels. Multivariable linear and logistic regression models assessed the relationship between the intervention and the endpoints. The mean baseline serum chloride level was 100 ± 4 mmol/L. Sixteen patients (10.8%) were identified as hypochloraemic (serum chloride &lt;96 mmol/L), balanced between treatment groups. Patients with hypochloraemia showed a lower natriuretic response (p &lt; 0.05). Interaction analysis revealed a between-treatment differential natriuretic effect based on the chloride levels (pinteraction = 0.008). HSS plus furosemide increased natriuresis compared to furosemide at lower chloride levels. No differential between-treatment effect was found for 3-h diuresis. Similar heterogeneous results were found for the 7-day clinical congestion score and 30-day heart failure events, with a benefit with HSS in patients with lower chloride levels.

Conclusion
In ambulatory patients with WHF and hypochloraemia, adding HSS to furosemide may improve short-term natriuretic response and outcomes. These findings suggest that chloride supplementation may help overcome diuretic resistance in these patients.</subfield>
  </datafield>
  <datafield tag="536" ind1=" " ind2=" ">
    <subfield code="9">info:eu-repo/grantAgreement/ES/ISCIII/PI20-00689</subfield>
  </datafield>
  <datafield tag="540" ind1=" " ind2=" ">
    <subfield code="9">info:eu-repo/semantics/closedAccess</subfield>
    <subfield code="a">All rights reserved</subfield>
    <subfield code="u">http://www.europeana.eu/rights/rr-f/</subfield>
  </datafield>
  <datafield tag="655" ind1=" " ind2="4">
    <subfield code="a">info:eu-repo/semantics/article</subfield>
    <subfield code="v">info:eu-repo/semantics/publishedVersion</subfield>
  </datafield>
  <datafield tag="700" ind1=" " ind2=" ">
    <subfield code="a">Miñana, Gema</subfield>
  </datafield>
  <datafield tag="700" ind1=" " ind2=" ">
    <subfield code="a">de la Espriella, Rafael</subfield>
  </datafield>
  <datafield tag="700" ind1=" " ind2=" ">
    <subfield code="a">Zegrí-Reiriz, Isabel</subfield>
  </datafield>
  <datafield tag="700" ind1=" " ind2=" ">
    <subfield code="a">Comín-Colet, Josep</subfield>
  </datafield>
  <datafield tag="700" ind1=" " ind2=" ">
    <subfield code="a">Rubio Gracia, Jorge</subfield>
    <subfield code="u">Universidad de Zaragoza</subfield>
    <subfield code="0">(orcid)0000-0002-4769-7154</subfield>
  </datafield>
  <datafield tag="700" ind1=" " ind2=" ">
    <subfield code="a">Morales-Rull, Jose Luis</subfield>
  </datafield>
  <datafield tag="700" ind1=" " ind2=" ">
    <subfield code="a">Llàcer, Pau</subfield>
  </datafield>
  <datafield tag="700" ind1=" " ind2=" ">
    <subfield code="a">Diez-Villanueva, Pablo</subfield>
  </datafield>
  <datafield tag="700" ind1=" " ind2=" ">
    <subfield code="a">de Juan Bagudá, Javier</subfield>
  </datafield>
  <datafield tag="700" ind1=" " ind2=" ">
    <subfield code="a">Ortiz Cortés, Carolina</subfield>
  </datafield>
  <datafield tag="700" ind1=" " ind2=" ">
    <subfield code="a">Goirigolzarri-Artaza, Josebe</subfield>
  </datafield>
  <datafield tag="700" ind1=" " ind2=" ">
    <subfield code="a">García-Pinilla, Jose Manuel</subfield>
  </datafield>
  <datafield tag="700" ind1=" " ind2=" ">
    <subfield code="a">Barrios, Elvira</subfield>
  </datafield>
  <datafield tag="700" ind1=" " ind2=" ">
    <subfield code="a">del Prado Díaz, Susana</subfield>
  </datafield>
  <datafield tag="700" ind1=" " ind2=" ">
    <subfield code="a">Jiménez-Marrero, Santiago</subfield>
  </datafield>
  <datafield tag="700" ind1=" " ind2=" ">
    <subfield code="a">Restrepo-Córdoba, Maria Alejandra</subfield>
  </datafield>
  <datafield tag="700" ind1=" " ind2=" ">
    <subfield code="a">Testani, Jeffrey</subfield>
  </datafield>
  <datafield tag="700" ind1=" " ind2=" ">
    <subfield code="a">Cobo Marcos, Marta</subfield>
  </datafield>
  <datafield tag="710" ind1="2" ind2=" ">
    <subfield code="1">1007</subfield>
    <subfield code="2">610</subfield>
    <subfield code="a">Universidad de Zaragoza</subfield>
    <subfield code="b">Dpto. Medicina, Psiqu. y Derm.</subfield>
    <subfield code="c">Area Medicina</subfield>
  </datafield>
  <datafield tag="773" ind1=" " ind2=" ">
    <subfield code="g">27, 6 (2025), 960-971</subfield>
    <subfield code="p">Eur. j. heart fail.</subfield>
    <subfield code="t">European Journal of Heart Failure</subfield>
    <subfield code="x">1388-9842</subfield>
  </datafield>
  <datafield tag="856" ind1="4" ind2=" ">
    <subfield code="s">2385500</subfield>
    <subfield code="u">http://zaguan.unizar.es/record/151458/files/texto_completo.pdf</subfield>
    <subfield code="y">Versión publicada</subfield>
  </datafield>
  <datafield tag="856" ind1="4" ind2=" ">
    <subfield code="s">2019285</subfield>
    <subfield code="u">http://zaguan.unizar.es/record/151458/files/texto_completo.jpg?subformat=icon</subfield>
    <subfield code="x">icon</subfield>
    <subfield code="y">Versión publicada</subfield>
  </datafield>
  <datafield tag="909" ind1="C" ind2="O">
    <subfield code="o">oai:zaguan.unizar.es:151458</subfield>
    <subfield code="p">articulos</subfield>
    <subfield code="p">driver</subfield>
  </datafield>
  <datafield tag="951" ind1=" " ind2=" ">
    <subfield code="a">2026-04-18-11:05:07</subfield>
  </datafield>
  <datafield tag="980" ind1=" " ind2=" ">
    <subfield code="a">ARTICLE</subfield>
  </datafield>
</record>
</collection>